Savaşa bir var (Kayıt no. 2006)

MARC ayrıntıları
000 -BAŞLIK
Sabit Uzunlukta Kontrol Alanı 00693na a2200241 4500
001 - KONTROL NUMARASI
Denetim Alanı 14356
003 - KONTROL NUMARASI IDENTIFIER
Denetim Alanı MIRAKIL
005 - SON İŞLEM TARİHİ VE ZAMANI
Denetim Alanı 20181213154842.0
008 - SABİT-BOY VERİ ELEMANLARI - GENEL BİLGİLER
Sabit Uzunlukta Kontrol Alanı 160904b tu 000 0
035 ## - SİSTEM KONTROL NUMARASI
Sistem Kontrol Numarası 14356
040 ## - KATALOGLAMA KAYNAK
Orijinal Kataloglama Ajansı Milas
Kataloglama Dili tur
Metne Dönüştürmek Ajansı TR-AnCHP
082 ## - DEWEY ONLU SINIFLANDIRMA NUMARASI
Sınıflandırma Numarası 327.09495
Ürün Numarası M87a 1987
090 ## - SINIFLAMA NUMARASI
Sınıflama Numarası 327.560495 M87a 1987
100 ## - ANA GİRİŞ - KİŞİSEL İSİM
Kişisel Ad Muhtar, Reha
245 ## - BAŞLIK TABLOSU
Başlık Savaşa bir var
Başlığın Kalan Ankara-Atina
Sorumluluk Tablosu, Vb Reha Muhtar ; yayına hazırlayan : Mehmet İlkorur
260 ## - YAYIN, DAĞITIM, VB
Yayın, Dağıtım, Vb Yeri [İstanbul]
Yayıncı, Dağıtıcı, Vs Adı Milliyet
Yayın, Dağıtım, Vb Tarihi 1987
300 ## - FİZİKSEL TANIM
Kapsam 198 s.
Boyutlar 18 sm.
490 ## - SERİSİ TABLOSU
Seri Beyanı Milliyet yayınları
Hacim / Ardışık Tanımı 67
650 ## - KONU KATMA GİRİŞ - TOPİKAL DÖNEM
Topikal Süreli Veya Coğrafi Ad Giriş Elemanı Dış politika
Genel Alt Bölümü Yunanistan
650 ## - KONU KATMA GİRİŞ - TOPİKAL DÖNEM
Topikal Süreli Veya Coğrafi Ad Giriş Elemanı Dış politika
Genel Alt Bölümü Türkiye
700 ## - KATMA GİRİŞ - KİŞİSEL İSİM
Kişisel Ad İlkorur, Mehmet
942 ## - EKLENDİ GİRİŞ ELEMANLARI (KOHA)
Sınıflandırma Veya Raf Düzeni Kaynak Dewey Decimal Classification
Koha Öğesi Türü Kitaplar
999 ## - SİSTEM KONTROL NUMARALARI (KOHA)
Koha Biblionumber 2006
Koha Biblioitemnumber 2006
Mevcut
Kalıcı Konum Mevcut Konum Edinme Tarihi Edinim Kaynak Toplam Check-Out'Lar Tam Çağrı Numarası Barkod Tarih Son Görülme İtibaren Geçerli Fiyatlar Koha Öğesi Türü
CHP Kütüphanesi CHP Kütüphanesi 08/26/2016 Bağış   327.560495 M87a 1987 001879 08/26/2016 08/26/2016 Kitaplar